[Event "Crema op-B 17th"]
[Site "Crema"]
[Date "2016.09.04"]
[Round "6"]
[White "Scarpellini, Felice"]
[Black "Silini, Bruno"]
[Result "0-1"]
[WhiteElo "1652"]
[BlackElo "1572"]
[PlyCount "66"]
[EventDate "2016.09.02"]
[EventType "swiss"]
[EventRounds "6"]
[EventCountry "ITA"]
[SourceTitle "EXT 2018"]
[Source "ChessBase"]
[SourceDate "2017.10.13"]
[SourceVersion "1"]
[SourceVersionDate "2017.10.13"]
[SourceQuality "1"]

1. c4 b6 2. Nf3 Bb7 3. g3 d6 4. Bg2 Nd7 5. d3 h6 6. 0-0 e6 7. Nc3 a6 8. b4 g6 9. Bb2 Bg7 10. Qc2 Ne7 11. e4 0-0 12. Ne2 e5 13. Nd2 f5 14. f4 fxe4 15. Bxe4 d5 16. cxd5 Nf5 17. Rf3 Nd4 18. Nxd4 exd4 19. Nb3 Qe7 20. Bxd4 Nf6 21. Bxf6 Bxf6 22. Rc1 Rac8 23. Qc4 Kg7 24. a3 Bb2 25. Rcf1 Bxa3 26. Nd4 Kh7 27. Ne6 Rf6 28. h4 c6 29. Ng5+ hxg5 30. hxg5 Rd6 31. Kg2 cxd5 32. Rh1+ Kg8 33. Qc3 Rxc3 0-1

[Event "Bratto op-C 35th"]
[Site "Bratto"]
[Date "2015.08.25"]
[Round "3.14"]
[White "Silini, Bruno"]
[Black "Martino, Eugenio"]
[Result "1-0"]
[WhiteElo "1586"]
[BlackElo "1689"]
[PlyCount "41"]
[EventDate "2015.08.23"]
[EventType "swiss"]
[EventRounds "8"]
[EventCountry "ITA"]
[SourceTitle "EXT 2022"]
[Source "ChessBase"]
[SourceDate "2021.10.06"]
[SourceVersion "1"]
[SourceVersionDate "2021.10.06"]
[SourceQuality "1"]

1. g4 d5 2. Bg2 e5 3. c4 c6 4. cxd5 cxd5 5. Qb3 e4 6. Nc3 Ne7 7. d3 exd3 8. Nxd5 Be6 9. Qb5+ Nec6 10. Bf4 Bxd5 11. Qxd5 Qf6 12. Qf5 Bb4+ 13. Kf1 Qxb2 14. Qc8+ Ke7 15. Qxb7+ Nd7 16. Bxc6 Qxa1+ 17. Kg2 Rhd8 18. Qxb4+ Ke8 19. Bxa8 dxe2 20. Nxe2 Qxa2 21. Re1 1-0

[Event "Crema op 15th"]
[Site "Crema"]
[Date "2013.09.01"]
[Round "5"]
[White "Silini, Bruno"]
[Black "Raimondi, Celso"]
[Result "1/2-1/2"]
[WhiteElo "1604"]
[BlackElo "1670"]
[PlyCount "46"]
[EventDate "2013.08.30"]
[EventType "swiss"]
[EventRounds "6"]
[EventCountry "ITA"]
[SourceTitle "EXT 2015"]
[Source "ChessBase"]
[SourceDate "2014.11.20"]
[SourceVersion "1"]
[SourceVersionDate "2014.11.20"]
[SourceQuality "1"]

1. g4 d5 2. h3 e5 3. Bg2 e4 4. d3 exd3 5. Qxd3 c6 6. Nf3 h6 7. c4 Nf6 8. 0-0 Be7 9. b3 0-0 10. Nc3 dxc4 11. Qxc4 Be6 12. Qf4 Bd6 13. Qd2 Qc7 14. Rd1 Rd8 15. Kh1 Be7 16. Nd4 Na6 17. Bb2 Qd7 18. Qe3 Nc7 19. Nxe6 Qxe6 20. Qxe6 Nxe6 21. e3 Rxd1+ 22. Rxd1 Rd8 23. Rxd8+ Bxd8 1/2-1/2

[Event "Crema op 15th"]
[Site "Crema"]
[Date "2013.08.31"]
[Round "4"]
[White "Righini, Giovanni"]
[Black "Silini, Bruno"]
[Result "1-0"]
[WhiteElo "1868"]
[BlackElo "1604"]
[PlyCount "75"]
[EventDate "2013.08.30"]
[EventType "swiss"]
[EventRounds "6"]
[EventCountry "ITA"]
[SourceTitle "EXT 2015"]
[Source "ChessBase"]
[SourceDate "2014.11.20"]
[SourceVersion "1"]
[SourceVersionDate "2014.11.20"]
[SourceQuality "1"]

1. e4 g5 2. d4 h6 3. f4 Bg7 4. fxg5 hxg5 5. Bxg5 c5 6. Nf3 cxd4 7. Nxd4 Qa5+ 8. Bd2 Qe5 9. Bc3 Qxe4+ 10. Qe2 Nf6 11. Nb5 Qc6 12. Qc4 Na6 13. Nd2 d5 14. Qxc6+ bxc6 15. Nd4 c5 16. Bb5+ Kf8 17. N4f3 Nb4 18. 0-0 Nxc2 19. Rac1 Bf5 20. Ne1 Ne3 21. Rf3 d4 22. Ba5 Be4 23. Nxe4 Nxe4 24. Bc6 Rb8 25. Bxe4 Rxb2 26. Rxc5 e6 27. Rc8+ Ke7 28. Rxh8 Bxh8 29. Rf2 Rb5 30. Bd2 Re5 31. Bb4+ Kd7 32. Rxf7+ Ke8 33. Bg6 Rf5 34. Rxf5+ Kd7 35. Rf7+ Kc6 36. Rxa7 Kd5 37. Bd3 Be5 38. Ra5+ 1-0

[Event "Bergamo Province-ch"]
[Site "Bergamo"]
[Date "2013.01.19"]
[Round "1"]
[White "Silini, Bruno"]
[Black "Cocconcelli, Lorenzo"]
[Result "0-1"]
[WhiteElo "1621"]
[BlackElo "2031"]
[PlyCount "54"]
[EventDate "2013.01.19"]
[EventType "swiss"]
[EventRounds "6"]
[EventCountry "ITA"]
[SourceTitle "EXT 2024"]
[Source "ChessBase"]
[SourceDate "2023.10.10"]
[SourceVersion "1"]
[SourceVersionDate "2023.10.10"]
[SourceQuality "1"]

1. e4 e6 2. Nc3 d5 3. exd5 exd5 4. d4 Nf6 5. Bf4 Bd6 6. Bxd6 Qxd6 7. Qe2+ Be6 8. Qb5+ Nbd7 9. Qxb7 0-0 10. Qa6 Qb4 11. 0-0-0 Rab8 12. Bb5 Rb6 13. a3 Qd6 14. Qxa7 Rfb8 15. Bxd7 Nxd7 16. Qa5 Ra6 17. Nb5 Qf4+ 18. Qd2 Qxd2+ 19. Rxd2 Rxb5 20. Ne2 Rb7 21. Re1 g5 22. f3 Nb6 23. c3 Nc4 24. Rc2 Bf5 25. g4 Bxc2 26. Kxc2 Rxb2+ 27. Kd3 Rd2# 0-1

[Event "Codogno op-B 4th"]
[Site "Codogno"]
[Date "2012.09.23"]
[Round "4"]
[White "Silini, Bruno"]
[Black "Vuckovic, Dimitrije"]
[Result "1/2-1/2"]
[WhiteElo "1623"]
[BlackElo "1517"]
[PlyCount "120"]
[EventDate "2012.09.21"]
[EventType "swiss"]
[EventRounds "5"]
[EventCountry "ITA"]
[SourceTitle "EXT 2016"]
[Source "ChessBase"]
[SourceDate "2015.10.08"]
[SourceVersion "1"]
[SourceVersionDate "2015.10.08"]
[SourceQuality "1"]

1. e4 c5 2. b4 e6 3. bxc5 Bxc5 4. Bb2 Qb6 5. Bxg7 Bxf2+ 6. Ke2 Bd4 7. Bxh8 Bxh8 8. Nc3 Nc6 9. Nf3 Nf6 10. Rb1 Qc5 11. Ke1 Ng4 12. d4 Qxc3+ 13. Nd2 Ne3 14. Qc1 Nxc2+ 15. Kd1 Ne3+ 16. Ke1 Bxd4 17. Qxc3 Bxc3 18. Rb3 Bxd2+ 19. Kxd2 Nxf1+ 20. Rxf1 Ne5 21. Rb5 d6 22. Rf6 a6 23. Rb3 Ng4 24. Rf4 e5 25. Rff3 Ke7 26. h3 Nf6 27. g4 Nxe4+ 28. Ke3 Nc5 29. Rb1 b5 30. Rbf1 Be6 31. Rc1 Bxa2 32. h4 Bd5 33. Rf2 Be6 34. g5 Bc4 35. Rf6 Rg8 36. Rd1 Rg6 37. h5 Rxf6 38. gxf6+ Ke6 39. h6 Bb3 40. Rg1 Bc2 41. Kd2 Bg6 42. Kc3 Nd7 43. Kb4 Kxf6 44. Ka5 Nb8 45. Rd1 Ke6 46. Kb6 b4 47. Kb7 d5 48. Kxb8 a5 49. Ra1 b3 50. Rxa5 b2 51. Ra6+ Kf5 52. Rb6 Kg5 53. Rxb2 Kxh6 54. Rb5 Be4 55. Rb6+ Kg5 56. Rb7 Kg6 57. Rb6+ f6 58. Kc7 h5 59. Rb8 Kf5 60. Rh8 Bf3 1/2-1/2

[Event "Codogno op-B 4th"]
[Site "Codogno"]
[Date "2012.09.22"]
[Round "2"]
[White "Fantina, Carla"]
[Black "Silini, Bruno"]
[Result "1-0"]
[WhiteElo "1476"]
[BlackElo "1623"]
[PlyCount "107"]
[EventDate "2012.09.21"]
[EventType "swiss"]
[EventRounds "5"]
[EventCountry "ITA"]
[SourceTitle "EXT 2016"]
[Source "ChessBase"]
[SourceDate "2015.10.08"]
[SourceVersion "1"]
[SourceVersionDate "2015.10.08"]
[SourceQuality "1"]

1. c4 e5 2. Nc3 c6 3. d3 Bb4 4. Bd2 Nf6 5. a3 Be7 6. Nf3 d6 7. g3 0-0 8. Bg2 Bf5 9. e4 Bg4 10. h3 Bxf3 11. Qxf3 Nbd7 12. b4 Ne8 13. Qd1 Nc7 14. 0-0 Ne6 15. f4 b5 16. cxb5 cxb5 17. Nd5 Nd4 18. f5 Bg5 19. Rb1 Bxd2 20. Qxd2 Nb6 21. f6 Nxd5 22. exd5 Rc8 23. fxg7 Kxg7 24. Qd1 Qg5 25. g4 Rc2 26. Rf2 Qe3 27. Qf1 Rxf2 28. Qxf2 Qxd3 29. Re1 Rc8 30. Rf1 Rc7 31. Qf6+ Kg8 32. Qd8+ Kg7 33. Qxc7 Ne2+ 34. Kh2 Qg3+ 35. Kh1 Nf4 36. Rxf4 exf4 37. Qxd6 Qe1+ 38. Kh2 Qg3+ 39. Kg1 Qe1+ 40. Bf1 Qg3+ 41. Kh1 Qf3+ 42. Bg2 Qg3 43. Qe5+ f6 44. Qe4 Qxa3 45. Qxf4 Qd3 46. d6 Qd1+ 47. Kh2 Kf7 48. g5 Qa1 49. Bd5+ Kg6 50. Be4+ f5 51. Qxf5+ Kg7 52. Qxh7+ Kf8 53. Qe7+ Kg8 54. d7 1-0

[Event "Pescia op-B 4th"]
[Site "Pescia"]
[Date "2011.09.18"]
[Round "4"]
[White "Leoni, Luigi"]
[Black "Silini, Bruno"]
[Result "0-1"]
[WhiteElo "1524"]
[BlackElo "1605"]
[PlyCount "56"]
[EventDate "2011.09.16"]
[EventType "swiss"]
[EventRounds "5"]
[EventCountry "ITA"]
[SourceTitle "EXT 2015"]
[Source "ChessBase"]
[SourceDate "2014.11.20"]
[SourceVersion "1"]
[SourceVersionDate "2014.11.20"]
[SourceQuality "1"]

1. e4 c5 2. Nc3 e6 3. f4 Nf6 4. e5 Nd5 5. Nxd5 exd5 6. Nf3 Be7 7. d4 c4 8. Be2 Bh4+ 9. g3 Be7 10. 0-0 d6 11. Rf2 h5 12. h4 Nc6 13. c3 Bf5 14. Ng5 g6 15. Qe1 Qd7 16. Bf1 0-0-0 17. Nxf7 Bxh4 18. Nxd6+ Kb8 19. gxh4 Bg4 20. Be2 Qe7 21. Rg2 a6 22. Bxg4 hxg4 23. Rxg4 Rxd6 24. Qg3 Re6 25. Rxg6 Rxg6 26. Qxg6 Qxh4 27. Qg2 Qe1+ 28. Qf1 Rg8+ 0-1

[Event "Ceriano Laghetto op-B 20th"]
[Site "Ceriano Laghetto"]
[Date "2011.04.02"]
[Round "3"]
[White "Silini, Bruno"]
[Black "Mason, Giovanni"]
[Result "1-0"]
[WhiteElo "1661"]
[BlackElo "1730"]
[PlyCount "79"]
[EventDate "2011.04.01"]
[EventType "swiss"]
[EventRounds "5"]
[EventCountry "ITA"]
[SourceTitle "EXT 2023"]
[Source "ChessBase"]
[SourceDate "2022.10.05"]
[SourceVersion "1"]
[SourceVersionDate "2022.10.05"]
[SourceQuality "1"]

1. Nf3 Nf6 2. c4 c6 3. d4 e6 4. g3 d6 5. Bg2 Be7 6. Nc3 Nbd7 7. 0-0 0-0 8. Qc2 d5 9. cxd5 cxd5 10. e4 Nxe4 11. Nxe4 dxe4 12. Qxe4 Nf6 13. Qd3 Nd5 14. Be3 b6 15. Rfd1 Bb7 16. a3 a5 17. Rac1 Rc8 18. Qb5 Rxc1 19. Rxc1 Qa8 20. Ne5 Nc3 21. Rxc3 Bxg2 22. Nc6 Bxc6 23. Rxc6 Rc8 24. Rxb6 Qd5 25. Qxd5 exd5 26. Rb5 a4 27. Rxd5 f6 28. Rd7 Kf7 29. Rb7 Ra8 30. d5 Ke8 31. d6 Bxd6 32. Rxg7 Rb8 33. Rg8+ Kf7 34. Rxb8 Bxb8 35. Bd4 Ke6 36. Kg2 Kd5 37. Bxf6 Be5 38. Bxe5 Kxe5 39. f4+ Ke4 40. Kf2 1-0